Исследование магнитных свойств литий-замещенных феррошпинелей, синтезированных путём нагрева в электронном пучке; Известия вузов. Физика; Т. 56, № 1/2 : Радиационно-термические эффекты и процессы в неорганических материалах

Dettagli Bibliografici
Parent link:Известия вузов. Физика/ Министерство общего и профессионального образования Российской Федерации ; Томский Госуниверситет.— , 1958-
Т. 56, № 1/2 : Радиационно-термические эффекты и процессы в неорганических материалах.— 2013.— С. 150-154
Altri autori: Суржиков А. П. Анатолий Петрович, Власов В. А. Виталий Анатольевич, Брязгин А. А., Коробейников М. В., Васендина Е. А. Елена Александровна
Lingua:russo
Pubblicazione: 2013
Soggetti:
Natura: MixedMaterials Capitolo di libro
KOHA link:https://koha.lib.tpu.ru/cgi-bin/koha/opac-detail.pl?biblionumber=518258

MARC

LEADER 00000naa2a2200000 4500
001 518258
005 20240131091933.0
035 |a (RuTPU)RU\TPU\prd\196825 
090 |a 518258 
100 |a 20131010a2013 k y0rusy50 ca 
101 0 |a rus 
102 |a RU 
200 1 |a Исследование магнитных свойств литий-замещенных феррошпинелей, синтезированных путём нагрева в электронном пучке  |f А. П. Суржиков [и др.] 
320 |a Библиогр.: с. 154 (10 назв.) 
461 0 |0 (RuTPU)RU\TPU\prd\191  |t Известия вузов. Физика  |f Министерство общего и профессионального образования Российской Федерации ; Томский Госуниверситет  |d 1958- 
463 0 |0 (RuTPU)RU\TPU\prd\194552  |t Т. 56, № 1/2 : Радиационно-термические эффекты и процессы в неорганических материалах  |o тематический выпуск  |v С. 150-154  |d 2013 
610 1 |a труды учёных ТПУ 
701 1 |a Суржиков  |b А. П.  |c физик  |c профессор Томского политехнического университета, доктор физико-математических наук  |f 1951-  |g Анатолий Петрович  |3 (RuTPU)RU\TPU\pers\22010  |4 070  |9 9307 
701 1 |a Власов  |b В. А.  |c физик  |c старший научный сотрудник Томского политехнического университета, кандидат физико-математических наук  |f 1975-  |g Виталий Анатольевич  |3 (RuTPU)RU\TPU\pers\31366  |4 070  |9 15538 
701 1 |a Брязгин  |b А. А. 
701 1 |a Коробейников  |b М. В. 
701 1 |a Васендина  |b Е. А.  |c специалист в области электротехники  |c доцент Томского политехнического университета, инженер, кандидат технических наук  |f 1975-  |g Елена Александровна  |3 (RuTPU)RU\TPU\pers\28171  |4 070  |9 13129 
801 1 |a RU  |b 63413507  |c 20131010 
942 |c BK